Readings in Indian Christian theology / (Record no. 2060)
[ view plain ]
| 000 -LEADER | |
|---|---|
| fixed length control field | 01225nam a2200385 a 4500 |
| 001 - CONTROL NUMBER | |
| control field | 705123 |
| 003 - CONTROL NUMBER IDENTIFIER | |
| control field | GBCCL |
| 005 - DATE AND TIME OF LATEST TRANSACTION | |
| control field | 20241126110416.0 |
| 008 - FIXED-LENGTH DATA ELEMENTS--GENERAL INFORMATION | |
| fixed length control field | 960815m19959999ii a b 001 0 eng |
| 010 ## - | |
| -- | 96901798 |
| 020 ## - INTERNATIONAL STANDARD BOOK NUMBER | |
| International Standard Book Number | 8172141394 |
| 025 ## - OVERSEAS ACQUISITION NUMBER | |
| Overseas acquisition number | I-E-96-901798; 13 |
| 040 ## - CATALOGING SOURCE | |
| Original cataloging agency | DLC |
| Transcribing agency | DLC |
| 042 ## - | |
| -- | lcode |
| 043 ## - | |
| -- | a-ii--- |
| 050 00 - | |
| -- | BT30.I5 |
| -- | R44 1995 |
| 082 00 - DEWEY DECIMAL CLASSIFICATION NUMBER | |
| Classification number | 230.0954 |
| Edition information | 21 |
| Item number | REA |
| 245 00 - TITLE STATEMENT | |
| Title | Readings in Indian Christian theology / |
| Statement of responsibility, etc. | edited by R.S. Sugirtharajah and Cecil Hargreaves. |
| 246 18 - | |
| -- | Indian Christian theology |
| 250 ## - EDITION STATEMENT | |
| Edition statement | 3rd ed. |
| 260 ## - PUBLICATION, DISTRIBUTION, ETC. | |
| Place of publication, distribution, etc. | Delhi : |
| Name of publisher, distributor, etc. | ISPCK, |
| Date of publication, distribution, etc. | 1995- |
| 300 ## - PHYSICAL DESCRIPTION | |
| Extent | v. <1 > : |
| Other physical details | ill. ; |
| Dimensions | 23 cm. |
| 440 #0 - SERIES STATEMENT/ADDED ENTRY--TITLE | |
| Title | TEF study guide ; |
| Volume/sequential designation | 29 |
| 9 (RLIN) | 4226 |
| 440 #0 - SERIES STATEMENT/ADDED ENTRY--TITLE | |
| Title | I.S.P.C.K. study guides ; |
| Volume/sequential designation | 29 |
| 9 (RLIN) | 4227 |
| 500 ## - GENERAL NOTE | |
| General note | Includes index. |
| 504 ## - BIBLIOGRAPHY, ETC. NOTE | |
| Bibliography, etc. note | "Suggestions for further reading": v. 1, p. 249-251. |
| 520 ## - SUMMARY, ETC. | |
| Summary, etc. | Contributed articles. |
| 650 #0 - SUBJECT ADDED ENTRY--TOPICAL TERM | |
| Topical term or geographic name entry element | Theology, Doctrinal |
| Geographic subdivision | India |
| General subdivision | History. |
| 9 (RLIN) | 4223 |
| 700 1# - ADDED ENTRY--PERSONAL NAME | |
| Personal name | Sugirtharajah, R. S. |
| Fuller form of name | (Rasiah S.) |
| 9 (RLIN) | 4224 |
| 700 1# - ADDED ENTRY--PERSONAL NAME | |
| Personal name | Hargreaves, Cecil. |
| 9 (RLIN) | 4225 |
| 710 2# - ADDED ENTRY--CORPORATE NAME | |
| Corporate name or jurisdiction name as entry element | I.S.P.C.K. (Organization) |
| 9 (RLIN) | 393 |
| 906 ## - LOCAL DATA ELEMENT F, LDF (RLIN) | |
| a | 7 |
| b | cbc |
| c | origode |
| d | 2 |
| e | ncip |
| f | 19 |
| g | y-gencatlg |
| 942 ## - ADDED ENTRY ELEMENTS (KOHA) | |
| Source of classification or shelving scheme | Dewey Decimal Classification |
| Koha item type | Books |
| Koha issues (borrowed), all copies | 2 |
| Withdrawn status | Lost status | Source of classification or shelving scheme | Damaged status | Not for loan | Home library | Current Library | Shelving location | Date acquired | Total checkouts | Full call number | Barcode | Date last seen | Date last checked out | Copy number | Price effective from | Koha item type |
|---|---|---|---|---|---|---|---|---|---|---|---|---|---|---|---|---|
| Dewey Decimal Classification | GRACE BIBLE COLLEGE | GRACE BIBLE COLLEGE | Theology | 2017-06-28 | 2 | 230.0954 REA | 012295 | 2025-05-01 | 2021-08-12 | c.1 | 2017-06-28 | Books |